000 00322nam a22001337a 4500
008 210527b ||||| |||| 00| 0 eng d
041 _aeng
080 _a82
082 _a82
100 _a21
101 _aGJL
245 _aIt is the poem singing into your eyes anthology of new young poets
_cAdoff,A
942 _2udc
_cBK
999 _c57756
_d57756